000 00501nam a2200133Ia 4500
008 100328s9999 xx 000 0 und d
082 _b35107
100 _aदेशपांडे वा.ज्यो.
245 _aमहाराष्ट्र दर्शन - भा. 1
260 _bअतुल बुक एजन्सीज
630 _aमहाराष्ट्र दर्शन - भा. 1
730 _aमहाराष्ट्र दर्शन - भा. 1
942 _cBOOK
999 _c525102
_d525099